| 000 | 00608nam a2200193Ia 4500 | ||
|---|---|---|---|
| 003 | OSt | ||
| 005 | 20260130141750.0 | ||
| 008 | 210210b1943 xxu||||| |||| 00| 0 eng d | ||
| 040 | _cAL | ||
| 041 | _aKannada | ||
| 082 | _a853/204 | ||
| 100 |
_aNARAYANA RAV _9161246 _dನಾರಾಯಣ ರಾವ್ |
||
| 245 |
_aBarnabas sahodarara bhavya sandesha: _bಬಾರ್ನಾಬಸ್ ಸಹೋದರರ ಭವ್ಯ ಸಂದೇಶ |
||
| 260 |
_aBengaluru _b- _c1943 |
||
| 690 |
_aKannada Drama _9161247 |
||
| 700 |
_aRAMANATHAYYA _9161248 _dರಾಮನಾಥಯ್ಯ |
||
| 906 | _a019474 | ||
| 942 |
_2ddc _cBK |
||
| 999 |
_c143593 _d143593 |
||